Ayyankali prasthanam rekhakaliloode(അയ്യൻകാളി പ്രസ്ഥാനം രേഖകളിലൂടെ)) (Record no. 115283)

MARC details
000 -LEADER
fixed length control field 00311 a2200097 4500
020 ## - INTERNATIONAL STANDARD BOOK NUMBER
International Standard Book Number 9789370988514
100 ## - MAIN ENTRY--PERSONAL NAME
Personal name Cherayi Ramadas
245 ## - TITLE STATEMENT
Title Ayyankali prasthanam rekhakaliloode(അയ്യൻകാളി പ്രസ്ഥാനം രേഖകളിലൂടെ))
260 ## - PUBLICATION, DISTRIBUTION, ETC. (IMPRINT)
Name of publisher, distributor, etc D C books
Date of publication, distribution, etc 2026
942 ## - ADDED ENTRY ELEMENTS (KOHA)
Koha item type On order/under processing
Holdings
Withdrawn status Lost status Damaged status Not for loan Home library Current library Date acquired Source of acquisition Cost, normal purchase price Total Checkouts Barcode Date last seen Cost, replacement price Price effective from Koha item type
        University Library University Library 27/02/2026 275 666.03   00097363 27/02/2026 999.00 27/02/2026 On order/under processing
University Library, CUSAT